=LDR 00000nam 2200000 4500 =001 000201 =020 $9786023177684 =082 $297.500 =100 $$a Mamichila =245 $$a Makrifatul Islam: Ihsan /$c Mamichila =264 $Surakarta: ziyadbooks 2022 =300 $24 halaman; 20 x 20 cm =650 $Islam =905 $297.5 MAM a =336 $$a =337 $$a =338 $$a =005 20260702151432.0 =008 260702s2026\\\\\\\\\\\\\\\\\\\\\\\\\\\\\\\\\\\\\\\\\